000 00322nam a2200145Ia 4500
008 150301s2015 xx 000 0 und d
082 _a612.015
_bP14G
100 _aR.C GUPTA
245 _aPRACTICAL BIOCHEMISTRY
250 _a5TH
260 _bCBS- DELHI
300 _a245
650 _aPHARMACEUTICS
942 _2ddc
_cBK
999 _c7225
_d7225